Sociedad 8 : (Registro nro. 10138)

Detalles MARC
000 -LIDER
fixed length control field 02088nam a2200421 a 4500
001 - NÚMERO DE CONTROL
Identificador de número de control 00376
003 - IDENTIFICACDOR DE NÚMERO DE CONTROL
control field DO-SdBNP
005 - DATE AND TIME OF LATEST TRANSACTION
control field 20180309110217.0
007 - CAMPOS FIJOS DE DESCRIPCIÓN FÍSICA
fixed length control field 00376
008 - ELEMENTOS DE LONGITUD FIJA
fixed length control field 091118s2012 dr 2012 000 0 spa d
020 ## - ISBN
International Standard Book Number 9789945117295 (v. 8)
020 ## - ISBN
International Standard Book Number 9789945116458 (v. 8) Guía
040 ## - FUENTE DE CATALOGACIÓN
Agencia que crea de manera original el registro BPMSU
Idioma de catalogación spa
Agencia que realiza la transcripción BPMSU
092 ## - LOCALLY ASSIGNED DEWEY DECIMAL CALL NUMBER
Número de clasificación 372.83
Número de ítem (Cutter) A452s 8vo 2012
100 1# - ASIENTO PRINCIPAL -- NOMBRE PERSONAL
Nombre personal Almonte Ysiano, Ana Iris
245 10 - MENCIÓN DE TITULO
Título Sociedad 8 :
Subtítulo educación básica /
Mención de responsabilidad Ana Iris Almonte Ysiano, Eric Castro Ricart, Eladio Antonio Robles Florentino ; dirección editorial Obdulia García de Escobar ; editora Fanny Capellán Almonte
260 ## - PUBLICACIÓN, DISTRIBUCIÓN, ETC. (PIE DE IMPRENTA)
Lugar de publicación, distribución, etc Santo Domingo :
Nombre del editor, distribuidor, etc. Santillana,
Fecha de publicación, distribución, etc 2012.
300 ## - DESCRIPCIÓN FÍSICA
Extensión 2 v. :
Otros detalles físicos il., mapas., retrs. ;
Dimensiones 28 cm.
490 1# - MENCIÓN DE SERIES
Mención de serie Innova
500 ## - NOTA GENERAL
Nota general La biblioteca posee el libro y la guía
505 ## - NOTA DE CONTENIDO
Título Unidad 1.
-- Principios del siglo xx --
-- Unidad 2.
-- Las pugnas caudillistas --
-- Unidad 3.
-- Intervención norteamericana --
-- Unidad 4.
-- La dictadura de Trijullo --
-- Unidad 5.
-- Oposición y caída de la dictadura --
-- Unidad 6.
-- El Caribe entre 1900 y 1970 --
-- Unidad 7.
-- El país entre 1961 y 1965 --
-- Unidad 8.
-- Los gobiernos de Joaquín Balaguer --
-- Unidad 9.
-- Gobiernos desde 1978 hasta 2008 --
-- Unidad 10.
-- La economía dominicana hoy --
-- Unidad 11.
-- La cultura dominicana --
-- Unidad 12.
-- La organización del espacio.
650 #4 - ENCABEZAMIENTO DE MATERIA--TEMÁTICO
Término temático o nombre geográfico como elemento de entrada CIENCIAS SOCIALES
Subdivisión temática general EDUCACIÓN PRIMARIA
650 #4 - ENCABEZAMIENTO DE MATERIA--TEMÁTICO
Término temático o nombre geográfico como elemento de entrada CIENCIAS SOCIALES
Subdivisión temática general ENSEÑANZA BÁSICA
650 #4 - ENCABEZAMIENTO DE MATERIA--TEMÁTICO
Término temático o nombre geográfico como elemento de entrada CIENCIAS SOCIALES
Subdivisión temática general ESTUDIOS Y EJERCICIOS
650 #4 - ENCABEZAMIENTO DE MATERIA--TEMÁTICO
Término temático o nombre geográfico como elemento de entrada CIENCIAS SOCIALES
Subdivisión temática general LIBROS DE TEXTOS
650 #4 - ENCABEZAMIENTO DE MATERIA--TEMÁTICO
Término temático o nombre geográfico como elemento de entrada EDUCACIÓN PRIMARIA
Subdivisión geográfica REPÚBLICA DOMINICANA
700 12 - ASIENTO SECUNDARIO -- NOMBRE PERSONAL
Nombre personal Castro Ricart, Eric
700 12 - ASIENTO SECUNDARIO -- NOMBRE PERSONAL
Nombre personal Robles Florentino, Eladio Antonio
700 12 - ASIENTO SECUNDARIO -- NOMBRE PERSONAL
Nombre personal García Escobar, Obdulia,
Mención de responsabilidad ed.
700 12 - ASIENTO SECUNDARIO -- NOMBRE PERSONAL
Nombre personal Capellán Almonte, Fanny,,
Mención de responsabilidad ed.
830 #0 - ASIENTO SECUNDARIO DE SERIE--TÍTULO UNIFORME
Título uniforme Innova
910 ## - VALIDACIÓN
Validación Validado. Control de calidad MFF
942 ## - ADDED ENTRY ELEMENTS (KOHA)
Source of classification or shelving scheme Dewey Decimal Classification
Koha item type Libros
945 ## - INFORMACIÓN DE PROCESAMIENTO LOCAL
Información de procesamiento local Remanejado para BNPHU / 2018 BT
956 ## - LOCAL ELECTRONIC LOCATION AND ACCESS (OCLC)
Nombre de host YLOCKWARD
Número de acceso 10
Información de compresión 20150617
Inicio de sesión BND01
Procesador de solicitud 1122
956 ## - LOCAL ELECTRONIC LOCATION AND ACCESS (OCLC)
Nombre de host VMATEO
Número de acceso 10
Información de compresión 20150617
Inicio de sesión BMET02
Procesador de solicitud 00151
956 ## - LOCAL ELECTRONIC LOCATION AND ACCESS (OCLC)
Nombre de host BTAVÁREZ
Número de acceso 10
Información de compresión 20160513
Inicio de sesión 00376
Existencias
Withdrawn status Lost status Source of classification or shelving scheme Damaged status Not for loan Home library Current library Date acquired Source of acquisition Total Checkouts Full call number Barcode Date last seen Price effective from Koha item type Collection code Copy number
    Dewey Decimal Classification     Biblioteca Pública Metropolitana Salomé Ureña Biblioteca Pública Metropolitana Salomé Ureña 05/13/2016 Donación   372.83 A453g 8vo. 2012 v.1 BPMSU16050333 05/13/2016 05/13/2016 Libros    
    Dewey Decimal Classification     Biblioteca Pública Metropolitana Salomé Ureña Biblioteca Pública Metropolitana Salomé Ureña 05/13/2016 Donación   372.83 A452g 8vo. 2012 Guía v.2 BPMSU16050334 05/13/2016 05/13/2016 Libros    
    Dewey Decimal Classification     Biblioteca Pública Metropolitana Salomé Ureña Biblioteca Pública Metropolitana Salomé Ureña 05/13/2016 Donación   372.83 A452s 8vo. 2012 Guía v.2 BPMSU16050335 05/13/2016 05/13/2016 Libros   ej.2